000 00797nam a2200205Ia 4500
003 GCL
008 140319s9999 xx 000 0 ara d
020 _a1412232977
040 _aGCL /
_cGCL
082 0 4 _a371.26
_bخ ت
100 1 _aخالد محمود محمد عرفان
245 1 0 _aالتقويم التراكمى الشامل (البرتفوليو) ومعوقات استخدامه فى مدارسنا /
_cخالد محمود محمد عرفان
250 _aالاولى
260 _aالقاهرة :
_bعالم الكتب الحديث ،
_c2005
300 _a184 ص ؛
_c30 سم
650 0 4 _aالاختبارات والقياسات التعليمية
650 0 4 _aالتعليم - الطرق التجريبية
650 0 4 _aالتقويم التربوى
942 _2ddc
_cBK
999 _c33698
_d33698